000 00286nam a2200109 a 4500
005 20201002052654.0
008 150629s2011 000 spa d
020 _a9789945868289
245 0 _aPolibio Díaz :.
260 _aSanto Domingo, República Dominicana,
_c2011.
999 _c45640
_d45640
040 _aDO-SdBNP